000 00952cam a22002054a 4500
005 20250605163950.0
008 250528s ||||||||||||||||||||||||d
035 _a15349
020 _a7707677
040 _aGR-AtMCL
_bgre
_dGR-AtMCL
_eAACR2
245 1 _aManaging People at Work / A Manager's Guide to Behaviour in Organizations: Third Edition
250 _a3rd
260 _bMcgraw Hill Book Company,
_c1992
300 _a310
520 _aThis book combines an overview of the research with lesson to be drawn from it by Managers. Preface, Individuals at Work, Individuals and Organizations, Individuals and Other Individuals, Power in Organizations, Groups in Organizations, Organizations as Cultures, Analyzing Organizations, Designing Organizations, Managing People in Organizations, Leading an Organization, Changing Organizations, Conclusion, Index.
700 1 _aHunt W. John
_91250
942 _cBK
999 _c938
_d938